1141 1945 1031 1687 1686 1455 1849 1257 1258 1638 1045 1602 1686 1629 1248 1303 1834 1237 1971 1221 1468 1920 1711 1246 1843 1259 1432 1979 1357 1103 1494 1996 1654 1192 1157 1281 1090 1944 1377 1771 1073 1107 1892 1623 1694 1854 1132 1515 1081 1410 1121 1866 1893 1011 1999 1489 1812 1577 1683 1952 1926 1565 1655 1844 1787 1976 1945 1118 1651 1106 1913 1722 1192 1428 1499 1253 1186 1482 1897 1577 1579 1592 1394 1361 1842 1694 1063 1479 1714 1132 1288 1637 1202 1315 1445 1784 1445 1548 1086 BCNSPRNW ULIB Ver.6.0+V

เปลี่ยนเป็นภาษาไทย

Change to English
 แสดงรายละเอียดบรรณานุกรม
  กลับหน้าหลัก

Brief Record : Get Marc (ISO 2709) : E-mail record : QR code < ปิดหน้าต่าง
LEADER : 00000nam 2200000uu 4500
001    13399108326
003     ULIB
008    110301s2551||||th 000 0 tha d
020    9789743452529
060 04 WY100.4^bว528ข 2551
100 0  วิจิตรา กุสุมภ์
245 10 ข้อวินิจฉัยการพยาบาลตามรูปแบบของ NANDA =^b(NANDA nursingdiagnosis) /^bวิจิตรา กุสุมภ์, อรุณี เฮงยศมาก
246 31 (NANDA nursing diagnosis)
250    พิมพ์ครั้งที่ 2
260    กรุงเทพฯ :^bบพิธการพิมพ์,^c2551
300    0122 หน้า ;^c21 ซม.
650  7 การพยาบาล, การวินิจฉัย
700 0  วิจิตรา กุสุมภ์
700 0  อรุณี เฮงยศมาก
945    ^p100^l0^i024811
945    ^p100^l0^i025182
999 ^a ใช้งานได้ทุกระบบ
รายการนี้ยังไม่มีแท็ก
คุณยังไม่ได้ล็อกอิน คุณสามารถมีกิจกรรมร่วมกับเว็บไซต์ได้ แต่ต้องล็อกอินก่อน ::
  ล็อกอิน

รายการสื่อสารสนเทศ

ลำดับที่ ประเภท เลขเรียก/บาร์โค้ด สถานที่ สถานะ
1. Book การพยาบาล
Book การพยาบาล
WY100.4 ว528ข 2551 ฉ.1 
  Barcode: 024811
ห้องสมุดวิทยาเขตนครสวรรค์
►หนังสือทั่วไป:l:General Books
บนชั้น

รายการใกล้เคียง
    ผู้แต่ง [วิจิตรา กุสุมภ์]

    หัวเรื่อง [การพยาบาล, การวินิจฉัย]

BibComment


ยังไม่เคยถูกคอมเมนท์

คอมเมนท์ทรัพยากรรายการนี้
  คอมเมนท์: ข้อวินิจฉัยการพยา..


 Copyright 2026. Bcnsprnw @Library